| 000 -LEADER |
| fixed length control field |
00481nam a22001817a 4500 |
| 008 - FIXED-LENGTH DATA ELEMENTS--GENERAL INFORMATION |
| fixed length control field |
150925b xxu||||| |||| 00| 0 eng d |
| 020 ## - INTERNATIONAL STANDARD BOOK NUMBER |
| International Standard Book Number |
9781133626701 |
| 020 ## - INTERNATIONAL STANDARD BOOK NUMBER |
| International Standard Book Number |
113362670X |
| 041 0# - LANGUAGE CODE |
| Language code of text/sound track or separate title |
eng |
| 080 ## - UNIVERSAL DECIMAL CLASSIFICATION NUMBER |
| Universal Decimal Classification number |
658 |
| 245 00 - TITLE STATEMENT |
| Title |
Management / |
| Statement of responsibility, etc |
Ranjay Gulati; Anthony J. Mayo; Nitin Nohria; |
| 250 ## - |
| -- |
Preliminary Edition |
| 260 ## - |
| -- |
USA: |
| -- |
South-Western Pub |
| -- |
2012. |
| 300 ## - |
| -- |
607 f.: |
| -- |
me il.; |
| -- |
26 cm. |
| 650 #0 - |
| -- |
Menaxhim |
| 650 #0 - |
| -- |
Organizim |
| 942 ## - ADDED ENTRY ELEMENTS (KOHA) |
| Source of classification or shelving scheme |
|
| Item type |
Books |